Normal view
MARC view
Entry Personal Name
001 - CONTROL NUMBER
- control field: 34915
003 - CONTROL NUMBER IDENTIFIER
- control field: dpl
005 - DATE AND TIME OF LATEST TRANSACTION
- control field: 20110927115750.0
008 - FIXED-LENGTH DATA ELEMENTS
- fixed length control field: 110927|||a|||||| | ||| d
040 ## - CATALOGING SOURCE
- Original cataloging agency: dpl
- Transcribing agency: dpl
100 ## - HEADING--PERSONAL NAME
- Personal name: Taylor, Eric G.
670 ## - SOURCE DATA FOUND
- Source citation: Work cat.: (dpl): Watson, William 34914, Textile design and colour:, 1956
670 ## - SOURCE DATA FOUND
- Source citation: Work cat.: (dpl): Watson, William 34914, Textile design and colour:, 1956
